Parc del Foix i Parc d'Olèrdola
ISBN:
978-84-95945-47-1
Descripción Física:
1 mapa : col. : escala 1: 20000 ; 80 x 119 cm plegat a 17 x 11 cm
MARC
| LEADER | 00000nam a2200000Ia 4500 | ||
|---|---|---|---|
| 001 | 20801 | ||
| 008 | 160829s2007 xx 000 0 cat d | ||
| 020 | |a 978-84-95945-47-1 | ||
| 080 | |a FU-14-81 | ||
| 245 | |a Parc del Foix i Parc d'Olèrdola | ||
| 260 | |a Barcelona : |b Piolet, |c 2007 | ||
| 300 | |a 1 mapa : |b col. : |b escala 1: |b 20000 ; |c 80 x 119 cm plegat a 17 x 11 cm | ||
| 590 | |a Amb la col·laboració de la Diputació de Barcelona | ||
| 610 | 2 | 0 | |a Parc d'Olèrdola (Catalunya) |v Guies |9 52941 |
| 610 | 0 | |a Parc del Foix (Catalunya) |v Guies |9 7314 | |
| 710 | 1 | |a Barcelona (Catalunya : Província). |b Diputació |9 52408 | |
| 901 | |a Arxiu | ||
| 942 | |n 1 | ||
| 952 | |0 0 |1 0 |4 0 |6 FU1481 |7 1 |9 49901 |a Arxiu |b Arxiu |d 2016-12-01 |l 0 |o FU-14-81 |p 20801 |r 2016-12-01 00:00:00 |w 2016-12-01 |y ARXIU | ||
| 999 | |c 53743 |d 53743 | ||